书目信息 |
| 题名: |
大型标志性超高层建筑结构及施工关键技术
|
|
| 作者: | 钱增志 , 张学臣 , 王智 主编 | |
| 分册: | ||
| 出版信息: | 北京 中国建材工业出版社 2020.01 |
|
| 页数: | 382页 | |
| 开本: | 29cm | |
| 丛书名: | ||
| 单 册: | ||
| 中图分类: | TU97 | |
| 科图分类: | ||
| 主题词: | 超高层建筑--chao gao ceng jian zhu--建筑结构--研究--广西 , 超高层建筑--chao gao ceng jian zhu--建筑施工--研究--广西 | |
| 电子资源: | ||
| ISBN: | 978-7-5160-2590-1 | |
| 000 | 01286nam0 2200265 450 | |
| 001 | 2039366354 | |
| 005 | 20201107105613.22 | |
| 010 | @a978-7-5160-2590-1@dCNY168.00 | |
| 100 | @a20200318d2020 em y0chiy50 ea | |
| 101 | 0 | @achi |
| 102 | @aCN@b110000 | |
| 105 | @aak z 000yy | |
| 200 | 1 | @a大型标志性超高层建筑结构及施工关键技术@Ada xing biao zhi xing chao gao ceng jian zhu jie gou ji shi gong guan jian ji shu@e广西九洲国际大厦@f钱增志, 张学臣, 王智主编 |
| 210 | @a北京@c中国建材工业出版社@d2020.01 | |
| 215 | @a382页@c图@d29cm | |
| 330 | @a本书对广西九洲国际大厦的钢管混凝土柱-RC环梁、框筒钢管剪力墙等创新设计进行了介绍, 并对组合结构关键技术、主体结构抗震分析进行了研究, 详细总结了超高层超大直径人工挖孔桩承载力有关的设计关键。结合施工中的数据模拟与监测分析, 对该结构进行在各个工况下的变形监测情况进行深入研究, 总结超高层建筑徐变随施工工况和时间的变化规律。 | |
| 517 | 1 | @a广西九洲国际大厦@Aguang xi jiu zhou guo ji da sha |
| 606 | 0 | @a超高层建筑@Achao gao ceng jian zhu@x建筑结构@x研究@y广西 |
| 606 | 0 | @a超高层建筑@Achao gao ceng jian zhu@x建筑施工@x研究@y广西 |
| 690 | @aTU97@v5 | |
| 701 | 0 | @a钱增志@Aqian zeng zhi@4主编 |
| 701 | 0 | @a张学臣@Azhang xue chen@4主编 |
| 701 | 0 | @a王智@Awang zhi@4主编 |
| 801 | 0 | @aCN@b人天书店@c20201003 |
| 905 | @aZUCC@dTU97@eQ279 | |
| 大型标志性超高层建筑结构及施工关键技术:广西九洲国际大厦/钱增志, 张学臣, 王智主编.-北京:中国建材工业出版社,2020.01 |
| 382页:图;29cm |
| ISBN 978-7-5160-2590-1:CNY168.00 |
| 本书对广西九洲国际大厦的钢管混凝土柱-RC环梁、框筒钢管剪力墙等创新设计进行了介绍, 并对组合结构关键技术、主体结构抗震分析进行了研究, 详细总结了超高层超大直径人工挖孔桩承载力有关的设计关键。结合施工中的数据模拟与监测分析, 对该结构进行在各个工况下的变形监测情况进行深入研究, 总结超高层建筑徐变随施工工况和时间的变化规律。 |
| ● |
| 相关链接 |
|
|
|
正题名:大型标志性超高层建筑结构及施工关键技术
索取号:TU97/Q279
 
预约/预借
| 序号 | 登录号 | 条形码 | 馆藏地/架位号 | 状态 | 备注 |
| 1 | 1484862 | 214848628 | 建筑库201/201建筑库 57排3列2层/ [索取号:TU97/Q279] | 在馆 |